书目信息 |
| 题名: |
标点古书评议
|
|
| 作者: | 吕叔湘 著 | |
| 分册: | ||
| 出版信息: | 北京 商务印书馆 1988 |
|
| 页数: | 90页 | |
| 开本: | 19cm | |
| 丛书名: | ||
| 单 册: | ||
| 中图分类: | H055 | |
| 科图分类: | ||
| 主题词: | 写作学 , 修辞学 | |
| 电子资源: | ||
| ISBN: | 7-100-00354-7 | |
| 000 | 00544nam0 2200205 45 | |
| 001 | 0404240838 | |
| 005 | 20040424081309.4 | |
| 010 | @a7-100-00354-7@dCNY0.80 | |
| 100 | @a20040424d1988 km y0chiy0120 ea | |
| 101 | 0 | @achi |
| 105 | @a z 000yy | |
| 200 | 1 | @a标点古书评议@ABiao Dian Gu Shu Ping Yi@f吕叔湘著@FLu Shu Xiang Zhu |
| 210 | @a北京@c商务印书馆@d1988 | |
| 215 | @a90页@d19cm | |
| 606 | 0 | @a写作学 |
| 606 | 0 | @a修辞学 |
| 690 | @aH055@v3 | |
| 701 | 0 | @a吕叔湘@4著 |
| 801 | @aCN@bPftUser@c20040424 | |
| 905 | @f2@b214678-679@dH055@e67 | |
| 标点古书评议/吕叔湘著.-北京:商务印书馆,1988 |
| 90页;19cm |
| ISBN 7-100-00354-7:CNY0.80 |
| ● |
| 相关链接 |
|
|
|
|
正题名:标点古书评议
索取号:H055/67
 
预约/预借
| 序号 | 登录号 | 条形码 | 馆藏地/架位号 | 状态 | 备注 |
| 1 | 0214678 | 000823764 | 第四借阅区/ [索取号:H055/67] | 在馆 | |
| 2 | 0214679 | 000823755 | 密集书库/ [索取号:H055/67] | 在馆 | |
| 3 | 0214680 | 000823773 | 第二样本阅览室/ [索取号:H055/67] | 在馆 |